Virtuální učebny: vzdělávání manažerů po internetu

Synchrónna elektronická výučba, tzv. virtuálna učebňa, rozširuje už známy e-learning o možnosti vzdelávania užívateľov za účasti lektora v reálnom čase. Výhody a nevýhody virtuálnej učebne. Nástroje využívané v rámci virtuálneho tréningu. Virtuálna učebňa ako podpora prezenčného tréningu. Kedy virtu...

Full description

Saved in:
Bibliographic Details
Main Author: Prunerová, Magdaléna
Format: Book Chapter
Language:Czech
Subjects:
Tags: Add Tag
No Tags, Be the first to tag this record!

MARC

LEADER 00000naa$a2200000$$$4500
001 0095047
005 20231018131436.4
041 0 |a cze 
044 |a CZ 
245 1 0 |a Virtuální učebny: vzdělávání manažerů po internetu  |c Magdaléna Prunerová 
520 |a Synchrónna elektronická výučba, tzv. virtuálna učebňa, rozširuje už známy e-learning o možnosti vzdelávania užívateľov za účasti lektora v reálnom čase. Výhody a nevýhody virtuálnej učebne. Nástroje využívané v rámci virtuálneho tréningu. Virtuálna učebňa ako podpora prezenčného tréningu. Kedy virtuálnu učebňu využiť. 
610 2 0 |a vzdelávanie elektronické 
610 2 0 |a technológie informačné 
610 2 0 |a softvér 
610 2 0 |a komunikácia elektronická 
610 2 0 |a manažéri 
610 2 0 |a učitelia 
610 2 0 |a náklady 
610 2 0 |a úspory 
100 1 |a Prunerová, Magdaléna